Legislación sobre tráfico, circulación y seguridad vial y normativa complementaria (Record no. 151130)
[ view plain ]
| 000 -LEADER | |
|---|---|
| fixed length control field | nam a22 7a 4500 |
| 005 - DATE AND TIME OF LATEST TRANSACTION | |
| control field | 20190910161517.0 |
| 008 - FIXED-LENGTH DATA ELEMENTS--GENERAL INFORMATION | |
| fixed length control field | 190910b sp ||||| |||| 00| 0 spa d |
| 020 ## - INTERNATIONAL STANDARD BOOK NUMBER | |
| International Standard Book Number | 8484108627 |
| 050 04 - LIBRARY OF CONGRESS CALL NUMBER | |
| Classification number | KKT3442.A311989 |
| Item number | G37 2002 |
| 100 1# - MAIN ENTRY--PERSONAL NAME | |
| Personal name | García Gil, Javier, |
| 240 00 - UNIFORM TITLE | |
| Uniform title | Leyes y códigos |
| 245 10 - TITLE STATEMENT | |
| Title | Legislación sobre tráfico, circulación y seguridad vial y normativa complementaria |
| Statement of responsibility, etc | / Javier García Gil. |
| 250 ## - EDITION STATEMENT | |
| Edition statement | 4a ed. |
| 260 ## - PUBLICATION, DISTRIBUTION, ETC. (IMPRINT) | |
| Place of publication, distribution, etc | Cizur Menor (Navarra) : |
| Name of publisher, distributor, etc | Aranzadi, |
| Date of publication, distribution, etc | 2002 |
| 300 ## - PHYSICAL DESCRIPTION | |
| Extent | 721 p. : |
| Other physical details | il. ; |
| Dimensions | 21 cm. |
| 490 0# - SERIES STATEMENT | |
| Series statement | Códigos básicos ; |
| Volume number/sequential designation | 8 |
| 650 #7 - SUBJECT ADDED ENTRY--TOPICAL TERM | |
| Source of heading or term | lemb |
| Topical term or geographic name as entry element | Transporte |
| General subdivision | Legislación |
| Geographic subdivision | España |
| 650 #7 - SUBJECT ADDED ENTRY--TOPICAL TERM | |
| Source of heading or term | lemb |
| Topical term or geographic name as entry element | Vehículos de motor |
| Geographic subdivision | España |
| 942 ## - ADDED ENTRY ELEMENTS (KOHA) | |
| Source of classification or shelving scheme | Biblioteca del Cogreso de los Estados Unidos |
| Koha item type | Libro |
| Estado de pérdida | Fuente de clasificación | Estado del daño | No para préstamo | Ubicación permanente | Ubicación actual | Apartado o colección | Fecha de adquisición | Edición | Dependencia de educación superior (DES) | Área del conocimiento | Clasificación | Código de Barras | Date last seen | Número de copia | Costo por reposición | Tipo de recurso |
|---|---|---|---|---|---|---|---|---|---|---|---|---|---|---|---|---|
| Biblioteca del Cogreso de los Estados Unidos | Biblioteca del Posgrado en Derecho | Biblioteca del Posgrado en Derecho | Consulta | 10/09/2019 | 1a ed. | Derecho | Ciencias Sociales y Administrativas | KKT3442.A311989 G37 2002 | BPD000000883 | 10/09/2019 | 1 | 1.00 | Libro |